[Event "39 Mar del Plata open"]
[Site "?"]
[Date "2008.03.19"]
[Round "6"]
[White "Lopez, Diego"]
[Black "Corsi Ferrari, Nestor"]
[Result "0-1"]
[WhiteElo "2129"]
[BlackElo "2272"]
[PlyCount "74"]

1. d4 d5 2. c4 c6 3. Nf3 e6 4. Nc3 dxc4 5. a4 Bb4 6. e3 b5 7. Bd2 Bb7 8. b3 a5
9. bxc4 Bxc3 10. Bxc3 b4 11. Bb2 Nf6 12. c5 Qd5 13. Ne5 Ba6 14. f3 Bxf1 15.
Kxf1 O-O 16. Kf2 Qd8 17. Qc2 Qc7 18. e4 Nbd7 19. Nc4 Rfb8 20. Qb3 e5 21. Nd6
Rf8 22. dxe5 Nxc5 23. Qc4 Ne6 24. Rhd1 Rfd8 25. Nxf7 Nxe4+ 26. Qxe4 Qxf7 27.
Qxc6 Rac8 28. Rxd8+ Rxd8 29. Ke1 Nf4 30. Rd1 Nxg2+ 31. Ke2 Nf4+ 32. Ke1 Rxd1+
33. Kxd1 Qb3+ 34. Qc2 Qxf3+ 35. Kc1 Qf1+ 36. Kd2 Qe2+ 37. Kc1 Qe1+ 0-1

[Event "39 Mar del Plata open"]
[Site "?"]
[Date "2008.03.19"]
[Round "6"]
[White "Martin, Luis"]
[Black "Moccero, Eduardo"]
[Result "0-1"]
[WhiteElo "1960"]
[BlackElo "2120"]
[PlyCount "62"]

1. Nf3 d5 2. d4 c5 3. c4 e6 4. e3 Nf6 5. cxd5 exd5 6. dxc5 Bxc5 7. Nc3 O-O 8.
Be2 Nc6 9. a3 Bf5 10. O-O Rc8 11. b4 Bd6 12. Nb5 Bb8 13. Bb2 Be4 14. Nbd4 Re8
15. Rc1 Qd6 16. g3 Qd7 17. Re1 Qh3 18. Bf1 Qh6 19. Nh4 Nxd4 20. Bxd4 g5 21.
Rxc8 Rxc8 22. Bh3 Re8 23. Qa4 Rd8 24. f3 gxh4 25. fxe4 hxg3 26. Bg2 gxh2+ 27.
Kh1 Ng4 28. Qc2 Bg3 29. Re2 Qh4 30. exd5 Nf2+ 31. Rxf2 Bxf2 0-1

[Event "39 Mar del Plata open"]
[Site "?"]
[Date "2008.03.19"]
[Round "6"]
[White "Miracca, Juan Pablo"]
[Black "Lovece, Ruth"]
[Result "1-0"]
[WhiteElo "2265"]
[BlackElo "2006"]
[PlyCount "95"]

1. e4 c5 2. f4 g6 3. Nf3 Bg7 4. Nc3 Nc6 5. Bc4 e6 6. d3 Nge7 7. f5 O-O 8. Bg5
f6 9. fxe6 dxe6 10. Be3 b6 11. a3 Nd4 12. Qd2 Nec6 13. Ba2 Kh8 14. h4 Nxf3+ 15.
gxf3 Ne5 16. O-O-O h5 17. Qg2 Qe8 18. Kb1 Kh7 19. Ne2 Bh6 20. Bxh6 Kxh6 21. Nf4
Rg8 22. Rhg1 Rb8 23. c3 Rb7 24. d4 cxd4 25. cxd4 Nc6 26. Ka1 Rgg7 27. d5 exd5
28. Nxd5 Qf8 29. Qd2+ Kh7 30. Qf4 Rbf7 31. Rc1 Bb7 32. Rc3 Nd4 33. Qd2 Nc6 34.
f4 Rd7 35. Rcg3 Na5 36. Qg2 Bxd5 37. Bxd5 Qe8 38. f5 Rxd5 39. exd5 Nc4 40.
fxg6+ Kh8 41. Qc2 Nd6 42. Qc3 Ne4 43. Re3 f5 44. Rg5 Qd8 45. Rxh5+ Kg8 46. Qc6
Nd6 47. Re6 Rd7 48. Rh7 1-0

[Event "39 Mar del Plata open"]
[Site "?"]
[Date "2008.03.19"]
[Round "6"]
[White "Musanti, Diego"]
[Black "Dimuro, Matias"]
[Result "1-0"]
[WhiteElo "2314"]
[BlackElo "2143"]
[PlyCount "86"]

1. e4 c5 2. Nf3 Nc6 3. d4 cxd4 4. Nxd4 Nf6 5. Nc3 e5 6. Ndb5 d6 7. Bg5 a6 8.
Na3 b5 9. Bxf6 gxf6 10. Nd5 Bg7 11. Bd3 Ne7 12. Nxe7 Qxe7 13. O-O O-O 14. c4 f5
15. Qh5 Rb8 16. exf5 e4 17. Rae1 Bb7 18. b3 d5 19. cxd5 Qxa3 20. f6 Rfe8 21.
Qg5 Qf8 22. Rxe4 Rxe4 23. Bxe4 Kh8 24. fxg7+ Qxg7 25. Qxg7+ Kxg7 26. f4 Re8 27.
Bf3 Rc8 28. Rd1 Kf6 29. Rd2 Ba8 30. Kf2 Ke7 31. d6+ Kd8 32. d7 Rb8 33. Bg4 Bc6
34. Re2 Bxd7 35. Rd2 Rb7 36. Ke3 h5 37. Rxd7+ Rxd7 38. Bxd7 Kxd7 39. f5 f6 40.
Kf4 Kd6 41. g4 hxg4 42. Kxg4 Ke7 43. Kh5 Kf7 1-0

[Event "39 Mar del Plata open"]
[Site "?"]
[Date "2008.03.19"]
[Round "6"]
[White "Needleman, Alejandro"]
[Black "Perez Ponsa, Federico"]
[Result "1/2-1/2"]
[WhiteElo "2355"]
[BlackElo "2235"]
[PlyCount "21"]

1. d4 Nf6 2. Nf3 c5 3. c4 cxd4 4. Nxd4 e5 5. Nf3 Nc6 6. e3 d5 7. cxd5 Bb4+ 8.
Bd2 Qxd5 9. Nc3 Qe6 10. Bb5 O-O 11. O-O 1/2-1/2

[Event "39 Mar del Plata open"]
[Site "?"]
[Date "2008.03.19"]
[Round "6"]
[White "Needleman, Gaston"]
[Black "Meza, Hugo"]
[Result "1-0"]
[WhiteElo "2406"]
[BlackElo "2246"]
[PlyCount "67"]

1. e4 c5 2. Nf3 Nc6 3. Bb5 g6 4. O-O Bg7 5. Re1 Nf6 6. c3 O-O 7. h3 e5 8. d4
cxd4 9. cxd4 exd4 10. e5 Nd5 11. Bg5 Qc7 12. Na3 d6 13. Bc4 Nb6 14. Nb5 Qb8 15.
Nxd6 Nxe5 16. Nxe5 Qxd6 17. Nxf7 Rxf7 18. Re8+ Bf8 19. Bb3 Bd7 20. Rxa8 Nxa8
21. Bxf7+ Kxf7 22. Qb3+ Qe6 23. Qxb7 Nb6 24. Qxa7 d3 25. Bd2 Nc4 26. Bc3 Qd5
27. b3 Na3 28. Qe3 Qf5 29. Rd1 Bc5 30. Qxd3 Qxf2+ 31. Kh2 Qf4+ 32. Kh1 Be6 33.
Rf1 Bf2 34. Be1 1-0

[Event "39 Mar del Plata open"]
[Site "?"]
[Date "2008.03.19"]
[Round "6"]
[White "Oddone, Cristhian"]
[Black "Perdomo, Carlos Andres"]
[Result "0-1"]
[WhiteElo "2145"]
[BlackElo "2351"]
[PlyCount "108"]

1. e4 c5 2. Nf3 e6 3. d4 cxd4 4. Nxd4 a6 5. Bd3 d6 6. O-O Nf6 7. c4 Nbd7 8. Nc3
g6 9. Qe2 Bg7 10. Rd1 O-O 11. Nf3 Qc7 12. Bf4 Ng4 13. Qd2 Nde5 14. Nxe5 Nxe5
15. Bh6 Rd8 16. Bxg7 Kxg7 17. Be2 b6 18. Qd4 Kg8 19. Rac1 Rb8 20. f4 Nc6 21.
Qf2 Rd7 22. Bf3 Ne7 23. Qh4 Bb7 24. Kh1 Qd8 25. Rd3 Bc6 26. Rcd1 b5 27. cxb5
axb5 28. b4 Nc8 29. Qh3 Qe7 30. e5 d5 31. a3 Ra7 32. Ne2 Nb6 33. Nd4 Be8 34.
Be2 Nc4 35. Rg3 Rc7 36. Qh6 Qf8 37. Qg5 Qe7 38. Qg4 Ra8 39. Bxc4 dxc4 40. Rh3
Rd8 41. Nc2 Bc6 42. Ne3 Rcd7 43. Rf1 Rd2 44. Rg3 R2d3 45. Rg1 Qa7 46. Nf1 Rxg3
47. Qxg3 Rd3 48. Qg5 c3 49. Ng3 Qf2 50. Nh5 c2 51. Nf6+ Kh8 52. Qh6 Qxg1+ 53.
Kxg1 c1=Q+ 54. Kf2 Qe3+ 0-1

[Event "39 Mar del Plata open"]
[Site "?"]
[Date "2008.03.19"]
[Round "6"]
[White "Sandoval, Teofilo"]
[Black "Fernandez, Jorge Daniel"]
[Result "1/2-1/2"]
[WhiteElo "2158"]
[BlackElo "2012"]
[PlyCount "88"]

1. e4 d6 2. Bc4 Nf6 3. d3 c6 4. Bb3 Nbd7 5. Ne2 e5 6. c3 Be7 7. O-O Nc5 8. Bc2
O-O 9. Nd2 d5 10. exd5 cxd5 11. d4 exd4 12. Nxd4 Bg4 13. f3 Bh5 14. Nf5 Bg6 15.
Nxe7+ Qxe7 16. Bxg6 hxg6 17. Nb3 Nxb3 18. Qxb3 Qc5+ 19. Kh1 b5 20. Bg5 a5 21.
Bxf6 gxf6 22. Rfd1 Rfd8 23. Rd4 b4 24. Rad1 bxc3 25. Qxc3 Qxc3 26. bxc3 Rdc8
27. R1d3 Rab8 28. h3 Rb2 29. a4 Ra2 30. Rxd5 Rxa4 31. Rb5 Rac4 32. Rxa5 Rxc3
33. Rd7 R3c7 34. Ra7 Rxa7 35. Rxa7 f5 36. Kh2 Rc4 37. Kg3 Rc2 38. h4 Kg7 39.
Kh3 Rc3 40. Ra8 Rb3 41. Ra5 Kh6 42. Ra8 Kg7 43. Kg3 Rc3 44. Ra6 Rb3 1/2-1/2

[Event "39 Mar del Plata open"]
[Site "?"]
[Date "2008.03.19"]
[Round "6"]
[White "Santucho, Jorge Mario"]
[Black "Saralegui, Luis"]
[Result "1-0"]
[WhiteElo "2038"]
[BlackElo "2118"]
[PlyCount "131"]

1. d4 d5 2. c4 c6 3. Nc3 Nf6 4. e3 e6 5. Nf3 Nbd7 6. Bd3 Bd6 7. O-O O-O 8. Qc2
dxc4 9. Bxc4 e5 10. e4 exd4 11. Nxd4 Nb6 12. Qd3 Nxc4 13. Qxc4 Ng4 14. Nf3 Qf6
15. h3 b5 16. Qe2 Ne5 17. Nxe5 Bxe5 18. Be3 Be6 19. Rfc1 a5 20. Nd1 Bc4 21.
Rxc4 bxc4 22. Rc1 Rfb8 23. Rc2 c3 24. Nxc3 Qe6 25. b3 Bxc3 26. Rxc3 Qxe4 27.
Rc4 Qe6 28. Qc2 Rc8 29. Rh4 h6 30. Rg4 c5 31. Qc3 g5 32. Bxg5 hxg5 33. Rxg5+
Kf8 34. Qg7+ Ke7 35. Re5 Ra6 36. Qg5+ Kf8 37. Rxe6 Rxe6 38. Qd2 a4 39. Qd7 Rcc6
40. g4 axb3 41. axb3 c4 42. bxc4 Rxc4 43. Kg2 Rc2 44. Kg3 Ree2 45. Qf5 Kg7 46.
h4 f6 47. h5 Rxf2 48. Qg6+ Kf8 49. Qe4 Kg7 50. Qe7+ Kg8 51. Qe8+ Kg7 52. Qg6+
Kf8 53. Qe4 Kg7 54. Qe7+ Kg8 55. Qe3 Rg2+ 56. Kf3 Rh2 57. Qe8+ Kg7 58. Qg6+ Kf8
59. Qxf6+ Kg8 60. Qe6+ Kf8 61. Kf4 Rhf2+ 62. Kg5 Rc5+ 63. Kg6 Rc7 64. Qd6+ Re7
65. h6 Rfe2 66. Qd8+ 1-0

[Event "39 Mar del Plata open"]
[Site "?"]
[Date "2008.03.19"]
[Round "6"]
[White "Saralegui, Mario"]
[Black "Alonso, Salvador"]
[Result "0-1"]
[WhiteElo "2190"]
[BlackElo "2404"]
[PlyCount "60"]

1. d4 d5 2. c4 c6 3. Nf3 Nf6 4. Nc3 dxc4 5. a4 Bf5 6. Nh4 Bd7 7. e4 e6 8. Nf3
Bb4 9. Qc2 c5 10. Bxc4 cxd4 11. Nxd4 Nc6 12. Nf3 Rc8 13. Be2 Qa5 14. O-O Ne5
15. Bd2 O-O 16. Qb3 Nxf3+ 17. Bxf3 Bc6 18. Rfe1 Nd7 19. Qc2 Nc5 20. Be3 Rfd8
21. Red1 Rxd1+ 22. Qxd1 Bxc3 23. bxc3 Nxa4 24. e5 Rd8 25. Qb3 Qxc3 26. Rd1 Rc8
27. Qxc3 Nxc3 28. Ra1 Bxf3 29. gxf3 a6 30. Kg2 Nd5 0-1

[Event "39 Mar del Plata open"]
[Site "?"]
[Date "2008.03.19"]
[Round "6"]
[White "Scarzello, Alejandro"]
[Black "Virgillito, Cristian"]
[Result "1-0"]
[WhiteElo "2001"]
[BlackElo "2215"]
[PlyCount "71"]

1. e4 e5 2. Nf3 Nc6 3. Bb5 a6 4. Ba4 Nf6 5. O-O Be7 6. Bxc6 dxc6 7. d3 Qd6 8.
Nbd2 Be6 9. b3 Nd7 10. Bb2 O-O-O 11. a4 g5 12. Nc4 Bxc4 13. bxc4 g4 14. Nd2 h5
15. c5 Qe6 16. Nc4 h4 17. f4 gxf3 18. Qxf3 Bxc5+ 19. Kh1 f6 20. Ne3 Rdg8 21.
Nf5 Rg6 22. Ba3 Kb8 23. a5 Qg8 24. Bxc5 Rg3 25. Nxg3 hxg3 26. Bg1 gxh2 27. Be3
Qg6 28. Qf5 Qg7 29. c4 c5 30. Ra2 Qe7 31. Rb2 Qd6 32. Rfb1 Qxd3 33. Rxb7+ Ka8
34. Qe6 Nb6 35. R7xb6 cxb6 36. Qc6+ 1-0

[Event "39 Mar del Plata open"]
[Site "?"]
[Date "2008.03.19"]
[Round "6"]
[White "Sosa, Ruben"]
[Black "Covas, Guillermo Maximilia"]
[Result "0-1"]
[WhiteElo "1996"]
[BlackElo "2192"]
[PlyCount "56"]

1. e4 d6 2. Nf3 Nf6 3. Nc3 g6 4. Bc4 Bg7 5. d3 O-O 6. Bg5 c6 7. a3 h6 8. Bf4 e5
9. Be3 d5 10. Nxe5 dxc4 11. Nxc4 Nd5 12. exd5 cxd5 13. Qd2 dxc4 14. Bxh6 Bxh6
15. Qxh6 Re8+ 16. Kf1 cxd3 17. h4 Qd4 18. cxd3 Qg7 19. Qg5 Qe5 20. Qh6 Qh5 21.
Qf4 Nd7 22. Ne4 Qe5 23. Qh6 Nf6 24. h5 Nxe4 25. dxe4 g5 26. Rd1 Be6 27. g3 Bc4+
28. Kg1 Re6 0-1

[Event "39 Mar del Plata open"]
[Site "?"]
[Date "2008.03.19"]
[Round "6"]
[White "Tokman, Ariel"]
[Black "Cornejo, Max"]
[Result "0-1"]
[WhiteElo "2083"]
[BlackElo "2338"]
[PlyCount "64"]

1. e4 e5 2. Nf3 Nf6 3. Nxe5 d6 4. Nf3 Nxe4 5. Nc3 Nf6 6. d4 d5 7. Bd3 Bg4 8. h3
Bh5 9. g4 Bg6 10. Ne5 Bb4 11. Qe2 O-O 12. a3 Bxc3+ 13. bxc3 Bxd3 14. cxd3 Nfd7
15. Nxd7 Nxd7 16. Qf3 Re8+ 17. Be3 Nf8 18. O-O Ng6 19. Rfb1 b6 20. Rb5 c6 21.
Rb2 Rf8 22. Kh1 f5 23. gxf5 Qd7 24. Qg4 Rxf5 25. a4 Qf7 26. c4 h5 27. Qg2 Rf3
28. a5 Nh4 29. Qh2 Qf5 30. axb6 Rxh3 31. bxa7 Qf3+ 32. Kg1 Rxh2 0-1

[Event "39 Mar del Plata open"]
[Site "?"]
[Date "2008.03.19"]
[Round "6"]
[White "Tristan, Leonardo"]
[Black "Bibiloni, Jorge"]
[Result "1-0"]
[WhiteElo "2345"]
[BlackElo "2180"]
[PlyCount "117"]

1. e4 e5 2. Nf3 Nc6 3. Bb5 a6 4. Ba4 Nf6 5. O-O Be7 6. Re1 b5 7. Bb3 d6 8. c3
O-O 9. h3 Nb8 10. d4 Nbd7 11. Nbd2 Bb7 12. Bc2 Re8 13. b3 Bf8 14. d5 g6 15. c4
Bg7 16. a4 b4 17. Nf1 Nc5 18. Ng3 a5 19. Bg5 h6 20. Be3 Bc8 21. Qd2 Kh7 22.
Rad1 Nb7 23. Nh2 Ng8 24. Rf1 Qh4 25. Ne2 Nc5 26. f4 exf4 27. Rxf4 Qe7 28. Rdf1
Rf8 29. Nd4 Bd7 30. Qf2 Rae8 31. Nhf3 f5 32. e5 Bxe5 33. Nxe5 Qxe5 34. Nxf5
Rxf5 35. Bxf5 gxf5 36. Bd4 Ne4 37. Qe3 Qe7 38. Qf3 Nd2 39. Qd3 Ne4 40. Qf3 Nd2
41. Qd3 Ne4 42. g4 Qg5 43. Rxe4 Rxe4 44. Qxe4 h5 45. Qe3 Qg6 46. g5 Qf7 47. h4
Ne7 48. Re1 Ng6 49. Qf3 Nxh4 50. Qh3 Ng6 51. Qxh5+ Kg8 52. Bf6 Qh7 53. Qxh7+
Kxh7 54. Bd8 Ne5 55. Kg2 f4 56. Bxc7 f3+ 57. Kg3 f2 58. Rh1+ Kg6 59. Kxf2 1-0

[Event "39 Mar del Plata open"]
[Site "?"]
[Date "2008.03.20"]
[Round "7"]
[White "Alonso, Salvador"]
[Black "Tristan, Leonardo"]
[Result "1/2-1/2"]
[WhiteElo "2404"]
[BlackElo "2350"]
[PlyCount "53"]

1. e4 d5 2. exd5 Qxd5 3. Nc3 Qa5 4. d4 Nf6 5. Nf3 c6 6. Bc4 Bf5 7. Bd2 e6 8.
Nd5 Qd8 9. Nxf6+ Qxf6 10. Qe2 Nd7 11. O-O-O Nb6 12. Bb3 Bg4 13. d5 Bxf3 14.
gxf3 cxd5 15. Qb5+ Kd8 16. Be3 Kc7 17. c4 Rc8 18. Kb1 dxc4 19. Bc2 Kb8 20. Bd4
Qe7 21. Be4 Qe8 22. Qe5+ Ka8 23. Qa5 Kb8 24. Be5+ Ka8 25. Bd4 Kb8 26. Be5+ Ka8
27. Bd4 1/2-1/2

[Event "39 Mar del Plata open"]
[Site "?"]
[Date "2008.03.20"]
[Round "7"]
[White "Amed, Stephanie"]
[Black "Zamorano, Jorge"]
[Result "0-1"]
[WhiteElo "2083"]
[BlackElo "2254"]
[PlyCount "82"]

1. e4 c5 2. Nf3 e6 3. d4 cxd4 4. Nxd4 a6 5. Bd3 Nf6 6. O-O Qc7 7. Qe2 d6 8. c4
g6 9. Nc3 Bg7 10. Nf3 O-O 11. Bf4 Nbd7 12. Rac1 Ng4 13. Rfd1 Nge5 14. h3 b6 15.
b3 Bb7 16. Bb1 Rac8 17. Nxe5 dxe5 18. Bg5 Nf6 19. Na4 Bc6 20. Be3 Nd7 21. c5 b5
22. Nb6 Nxb6 23. cxb6 Qb7 24. Bc5 Rfe8 25. b4 Bh6 26. Rc3 Bg5 27. a4 bxa4 28.
Bd3 Ra8 29. b5 axb5 30. Bxb5 Rec8 31. Bd3 a3 32. Ra1 Be7 33. Bxe7 Qxe7 34. Ba6
Bb7 35. Rcxa3 Rcb8 36. Qb2 Bxa6 37. Rxa6 Rxa6 38. Rxa6 Qb7 39. Qxe5 Rc8 40. Qb5
Qxe4 41. b7 Rc1+ 0-1

[Event "39 Mar del Plata open"]
[Site "?"]
[Date "2008.03.20"]
[Round "7"]
[White "Arcos Facio, Mateos"]
[Black "Saralegui, Mario"]
[Result "1-0"]
[WhiteElo "2060"]
[BlackElo "2190"]
[PlyCount "93"]

1. e4 e5 2. Bc4 Nf6 3. d3 Nc6 4. Nf3 Be7 5. c3 d6 6. Nbd2 O-O 7. Bb3 d5 8. Qe2
dxe4 9. dxe4 Nd7 10. Nc4 Bf6 11. O-O Nc5 12. Rd1 Qe7 13. Bc2 Nd8 14. Ne3 c6 15.
b4 Na6 16. a4 Nc7 17. Ba3 Be6 18. b5 c5 19. Nd5 Nxd5 20. exd5 Bd7 21. d6 Qe8
22. Bxc5 Ne6 23. Bb4 g6 24. Be4 Nf4 25. Qc2 Rb8 26. c4 b6 27. g3 Ne6 28. a5 Qc8
29. axb6 axb6 30. Ra7 Rd8 31. Bd5 Bg7 32. Bxe6 Bxe6 33. Rc7 Bf5 34. Qd2 Qe6 35.
Ng5 Qe8 36. Nxf7 Rd7 37. Rxd7 Bxd7 38. Ng5 h6 39. Qd5+ Kh8 40. Nf3 e4 41. Re1
Qf8 42. Rxe4 Ra8 43. Kg2 Ra2 44. c5 Rb2 45. c6 Bf5 46. d7 Bxe4 47. Bxf8 1-0

[Event "39 Mar del Plata open"]
[Site "?"]
[Date "2008.03.20"]
[Round "7"]
[White "Bibiloni, Jorge"]
[Black "Acosta, Mariano"]
[Result "0-1"]
[WhiteElo "2180"]
[BlackElo "2021"]
[PlyCount "54"]

1. e4 Nf6 2. e5 Nd5 3. d4 d6 4. Nf3 g6 5. Bc4 Nb6 6. Bb3 Bg7 7. Ng5 e6 8. f4
dxe5 9. fxe5 c5 10. c3 cxd4 11. cxd4 Nc6 12. Be3 Nd5 13. Qf3 O-O 14. Bxd5 Qxd5
15. Qh3 h6 16. Nc3 Qc4 17. Nf3 Qd3 18. Kf2 Qc2+ 19. Ne2 Qf5 20. g4 Qe4 21. Rad1
Nb4 22. Bxh6 Nd3+ 23. Rxd3 Qxd3 24. Ng5 Qxh3 25. Nxh3 Bxh6 26. g5 Bg7 27. Rc1
Bd7 0-1

[Event "39 Mar del Plata open"]
[Site "?"]
[Date "2008.03.20"]
[Round "7"]
[White "Cornejo, Max"]
[Black "Goldwaser, Cristian"]
[Result "1/2-1/2"]
[WhiteElo "2338"]
[BlackElo "2350"]
[PlyCount "67"]

1. e4 c5 2. Nf3 d6 3. g3 Nc6 4. Bg2 g6 5. O-O Bg7 6. d3 e5 7. Bg5 Nge7 8. c3
O-O 9. Qc1 f6 10. Be3 b6 11. Bh6 d5 12. Bxg7 Kxg7 13. exd5 Qxd5 14. Nd4 Qd7 15.
Nxc6 Nxc6 16. Na3 Ba6 17. Qe3 Rad8 18. Rfd1 Rfe8 19. Bf3 Re7 20. h4 Qe6 21. Qe4
Bb7 22. Qc4 Qxc4 23. dxc4 Red7 24. Rxd7+ Rxd7 25. Kf1 Na5 26. Bxb7 Nxb7 27. Ke2
Kf7 28. Nc2 Ke6 29. Ne3 Nd6 30. a4 Nb7 31. b4 e4 32. a5 bxa5 33. bxa5 Rd3 34.
Nd5 1/2-1/2

[Event "39 Mar del Plata open"]
[Site "?"]
[Date "2008.03.20"]
[Round "7"]
[White "Corsi Ferrari, Nestor"]
[Black "Daneri, Martin"]
[Result "1/2-1/2"]
[WhiteElo "2272"]
[BlackElo "2210"]
[PlyCount "24"]

1. c4 g6 2. Nc3 Bg7 3. g3 c5 4. Bg2 Nc6 5. e3 d6 6. Nge2 e5 7. O-O Nge7 8. f4
O-O 9. fxe5 dxe5 10. Ne4 Qd3 11. Qb3 Qxb3 12. axb3 b6 1/2-1/2

[Event "39 Mar del Plata open"]
[Site "?"]
[Date "2008.03.20"]
[Round "7"]
[White "Covas, Guillermo"]
[Black "Vargas, Gabriela"]
[Result "0-1"]
[WhiteElo "2192"]
[BlackElo "2030"]
[PlyCount "78"]

1. d4 d5 2. Nf3 Nf6 3. e3 e6 4. Bd3 Nbd7 5. Nbd2 Bd6 6. e4 dxe4 7. Nxe4 Nxe4 8.
Bxe4 h6 9. O-O Nf6 10. Bd3 O-O 11. Ne5 c5 12. c3 Qc7 13. Re1 Rd8 14. Qf3 cxd4
15. cxd4 Bb4 16. Re2 Rxd4 17. Bxh6 Bd6 18. Rae1 Qd8 19. Be3 Rd5 20. Bg5 Bxe5
21. Rxe5 Rxd3 22. Bxf6 gxf6 23. Qg4+ Kf8 24. Rh5 Ke7 25. Rh7 Rd5 26. h4 e5 27.
Qg7 Qf8 28. Qxf8+ Kxf8 29. Rh8+ Ke7 30. Rc1 Rd8 31. Rc7+ Bd7 32. Rxd8 Rxd8 33.
Rxb7 a5 34. b3 Ra8 35. g4 Kd6 36. Rb6+ Bc6 37. b4 axb4 38. Rxb4 Rxa2 39. h5 Ra4
0-1

[Event "39 Mar del Plata open"]
[Site "?"]
[Date "2008.03.20"]
[Round "7"]
[White "Cristobal, Manuel"]
[Black "Pierrot, Facundo"]
[Result "1/2-1/2"]
[WhiteElo "2174"]
[BlackElo "2450"]
[PlyCount "102"]

1. e4 e5 2. Nf3 Nc6 3. d4 exd4 4. Nxd4 Bc5 5. Nxc6 Qf6 6. Qd2 bxc6 7. Qf4 d6 8.
Bd3 Rb8 9. Qxf6 Nxf6 10. O-O O-O 11. Nc3 Bd4 12. Ne2 Bb6 13. Ng3 Re8 14. c3 a5
15. b3 a4 16. Re1 Ng4 17. Re2 axb3 18. axb3 Bxf2+ 19. Rxf2 Nxf2 20. Kxf2 Rxb3
21. Ne2 Bb7 22. Rb1 Rxb1 23. Bxb1 c5 24. Ng3 Ra8 25. Bd2 Ra1 26. Bd3 Ba6 27.
Bxa6 Rxa6 28. Ke3 f6 29. Ne2 Kf7 30. Nf4 c6 31. Nd3 Ra1 32. Kf3 h5 33. h4 Ra3
34. Ke3 g6 35. Kf3 Ra4 36. g3 Ra3 37. Ke3 g5 38. hxg5 fxg5 39. e5 Ke6 40. exd6
Kxd6 41. Nf2 Ke5 42. g4 hxg4 43. Nxg4+ Kf5 44. Kf3 Ra4 45. Ne3+ Kg6 46. Ng4 Kh5
47. Ne5 g4+ 48. Kg3 Re4 49. Nd3 Kg6 50. Nxc5 Re5 51. Nd3 Re4 1/2-1/2

[Event "39 Mar del Plata open"]
[Site "?"]
[Date "2008.03.20"]
[Round "7"]
[White "Cristobal, Ruben"]
[Black "Prieto, Gustavo"]
[Result "1-0"]
[WhiteElo "2283"]
[BlackElo "1953"]
[PlyCount "79"]

1. e4 e6 2. d4 d5 3. Nc3 dxe4 4. Nxe4 Bd7 5. Nf3 Bc6 6. Bd3 Nd7 7. Qe2 Ngf6 8.
Bg5 Be7 9. h4 Nxe4 10. Bxe4 Bxe4 11. Qxe4 c6 12. O-O-O Bf6 13. Rhe1 Qa5 14. Kb1
Qd5 15. Qg4 O-O-O 16. b3 b5 17. Ne5 h5 18. Qh3 Nxe5 19. Bxf6 gxf6 20. dxe5
Qxd1+ 21. Rxd1 Rxd1+ 22. Kb2 Rd5 23. Qf3 f5 24. Qe3 Kb7 25. Qg5 Rd7 26. Qg7
Rhd8 27. Qh7 Kc7 28. Qxh5 Rg8 29. g3 Rg4 30. Qh8 f4 31. Qh5 Rg8 32. g4 Kd8 33.
g5 Ke7 34. Qf3 Rd5 35. Qxf4 c5 36. h5 Rd4 37. Qf6+ Ke8 38. f4 c4 39. h6 b4 40.
bxc4 1-0

[Event "39 Mar del Plata open"]
[Site "?"]
[Date "2008.03.20"]
[Round "7"]
[White "Cuevas, Alex"]
[Black "Contin, Daniel"]
[Result "1/2-1/2"]
[WhiteElo "2165"]
[BlackElo "2309"]
[PlyCount "81"]

1. e4 e6 2. Nf3 d5 3. exd5 exd5 4. d4 Nc6 5. Bb5 Bd6 6. c4 dxc4 7. d5 a6 8. Ba4
b5 9. dxc6 bxa4 10. O-O Ne7 11. Qxa4 O-O 12. Nbd2 Rb8 13. a3 Rb5 14. Nxc4 Nxc6
15. Nxd6 cxd6 16. Rd1 Re8 17. Qf4 Ne5 18. Nxe5 Rbxe5 19. Be3 R8e6 20. Qb4 Rb5
21. Qc3 Bb7 22. Bf4 h5 23. Rd3 g5 24. Be3 Qa8 25. Rad1 Rd5 26. Rd4 Rg6 27. f3
g4 28. f4 Rxd4 29. Rxd4 Bxg2 30. Rc4 Bb7 31. f5 Rg7 32. Bh6 Rh7 33. Qf6 Qe8 34.
Qg5+ Kh8 35. Qf6+ Kg8 36. Kf2 Rxh6 37. Qxh6 Qe5 38. Qg5+ Kf8 39. Qd8+ Kg7 40.
Qg5+ Kf8 41. Qd8+ 1/2-1/2

[Event "39 Mar del Plata open"]
[Site "?"]
[Date "2008.03.20"]
[Round "7"]
[White "Dimuro, Matias"]
[Black "Santucho, Jorge Mario"]
[Result "1-0"]
[WhiteElo "2143"]
[BlackElo "2038"]
[PlyCount "75"]

1. e4 c5 2. Nf3 d6 3. d4 cxd4 4. Nxd4 Nf6 5. Nc3 g6 6. Be3 Bg7 7. f3 Nc6 8. Bc4
O-O 9. Qd2 Bd7 10. O-O-O Rc8 11. Bb3 Ne5 12. g4 Nc4 13. Bxc4 Rxc4 14. Kb1 Qb8
15. h4 Rfc8 16. Nde2 b5 17. h5 b4 18. Nd5 Nxd5 19. exd5 Rxc2 20. Qxc2 Rxc2 21.
Kxc2 Qb5 22. Rd2 a5 23. hxg6 hxg6 24. Kb1 f5 25. g5 a4 26. Nf4 Kf7 27. Bd4 b3
28. Bxg7 Qc4 29. Bd4 Bb5 30. a3 Ba6 31. Rc1 Qb5 32. Rh2 Bb7 33. Rh7+ Ke8 34.
Re1 Bxd5 35. Rhxe7+ Kd8 36. Nxd5 Qd3+ 37. Ka1 Qxd4 38. Nf6 1-0

[Event "39 Mar del Plata open"]
[Site "?"]
[Date "2008.03.20"]
[Round "7"]
[White "Fernandez, Maria Florencia"]
[Black "De Dovitis, Alejo"]
[Result "0-1"]
[WhiteElo "2037"]
[BlackElo "2326"]
[PlyCount "100"]

1. d4 Nf6 2. c4 e6 3. Nc3 Bb4 4. Qc2 O-O 5. a3 Bxc3+ 6. Qxc3 b6 7. Nf3 Bb7 8.
Bg5 d6 9. e3 Nbd7 10. Be2 Rc8 11. O-O c5 12. Rfd1 Qc7 13. Bxf6 Nxf6 14. b4 Rfd8
15. Rac1 Qe7 16. Qb2 Ne4 17. Nd2 Nxd2 18. Qxd2 Qg5 19. d5 cxb4 20. axb4 exd5
21. Bf3 Rc7 22. cxd5 Rdc8 23. Rxc7 Rxc7 24. Rc1 Qd8 25. h3 Qc8 26. Rxc7 Qxc7
27. Qd4 a6 28. Be4 Bc8 29. Bd3 a5 30. bxa5 bxa5 31. Qe4 g6 32. Qe8+ Kg7 33. g4
Bd7 34. Qe4 Qc3 35. Bc2 a4 36. Qd3 Qxd3 37. Bxd3 a3 38. Bc4 Kf6 39. f4 g5 40.
Kf2 Ba4 41. Ba2 Bc2 42. Kg3 h6 43. Kf3 Bd1+ 44. Kg3 Be2 45. Kf2 Bd3 46. Kf3 Ke7
47. e4 Bf1 48. fxg5 hxg5 49. Kg3 Kf6 50. e5+ Kxe5 0-1

[Event "39 Mar del Plata open"]
[Site "?"]
[Date "2008.03.20"]
[Round "7"]
[White "Fidel, Roberto"]
[Black "Needleman, Alejandro"]
[Result "0-1"]
[WhiteElo "2168"]
[BlackElo "2355"]
[PlyCount "54"]

1. d4 Nf6 2. c4 c5 3. Nf3 cxd4 4. Nxd4 e5 5. Nc2 Bc5 6. Nc3 O-O 7. e3 d6 8. Be2
Be6 9. O-O a6 10. b3 Nc6 11. Bb2 Rc8 12. Bf3 Ne8 13. Qe2 f5 14. Bd5 Rf6 15. f4
Qe7 16. Bxe6+ Qxe6 17. Nd5 Rf7 18. Kh1 Ne7 19. Rad1 Nxd5 20. cxd5 Qe7 21. e4
exf4 22. Rxf4 g5 23. Rff1 Qxe4 24. Qd2 f4 25. Qc3 Ng7 26. b4 Rcc7 27. Rfe1 Be3
0-1

[Event "39 Mar del Plata open"]
[Site "?"]
[Date "2008.03.20"]
[Round "7"]
[White "Gallego, Gonzalo"]
[Black "Juarez, Carlos Eleodoro"]
[Result "0-1"]
[WhiteElo "2027"]
[BlackElo "2170"]
[PlyCount "94"]

1. e4 c5 2. Nf3 e6 3. d3 Nc6 4. g3 g6 5. d4 cxd4 6. Nxd4 Bg7 7. Nb5 Nf6 8. Qd6
Qa5+ 9. Bd2 Qb6 10. N1c3 Ng4 11. Nc7+ Kd8 12. Bg5+ Bf6 13. Bxf6+ Nxf6 14. Qf4
Nh5 15. Nxa8 Qxb2 16. Qc7+ Ke7 17. Rd1 Qxc3+ 18. Rd2 Qa1+ 19. Rd1 Qc3+ 20. Rd2
Qa1+ 21. Ke2 Qxa2 22. Qd6+ Kd8 23. Bg2 Qc4+ 24. Kd1 Qc3 25. f4 e5 26. g4 exf4
27. gxh5 f3 28. Rd3 fxg2 29. Rg1 Qa1+ 30. Kd2 Qa5+ 31. c3 Qe5 32. Rxg2 Qxd6 33.
Rxd6 b6 34. Kc1 Bb7 35. Rgd2 Ne5 36. Nxb6 axb6 37. Rxb6 Kc7 38. Rb4 Re8 39.
hxg6 hxg6 40. Kd1 Rh8 41. Ra2 Bc6 42. Ra7+ Kd6 43. Rd4+ Ke6 44. Ra2 Rh3 45. c4
Re3 46. Rg2 Rxe4 47. Rxe4 Bxe4 0-1

[Event "39 Mar del Plata open"]
[Site "?"]
[Date "2008.03.20"]
[Round "7"]
[White "Leskovar, Mario"]
[Black "Perez Ponsa, Federico"]
[Result "1/2-1/2"]
[WhiteElo "2355"]
[BlackElo "2235"]
[PlyCount "41"]

1. e4 c5 2. Nf3 d6 3. d4 cxd4 4. Nxd4 Nf6 5. Nc3 a6 6. f4 e5 7. Nf3 Nbd7 8. a4
Be7 9. Bd3 O-O 10. O-O exf4 11. Kh1 Nc5 12. Bxf4 Bg4 13. Qe1 Bh5 14. Qf2 Bg6
15. Rae1 d5 16. e5 Nfe4 17. Bxe4 Nxe4 18. Nxe4 Bxe4 19. Nd4 Rc8 20. c3 Bc5 21.
Rd1 1/2-1/2